| 000 | 00965cam a2200253 4500 | ||
|---|---|---|---|
| 001 | WS114672 | ||
| 008 | 010920n 000 0 eng u | ||
| 035 | _a(Sirsi) u114672 | ||
| 110 |
_aDepartment for Environment, Food and Rural Affairs _94094 |
||
| 245 | _aDEFRA : Plants and Seeds | ||
| 520 | _aWeb pages for this government department's work on plants and seeds aiming to improve the health and quality of commercially produced plants and plant products. Includes details on plant health, imports and exports, pests and diseases and certification schemes. | ||
| 650 | _aGOVERNMENT | ||
| 650 | _aPLANTS | ||
| 650 | _aSEEDS | ||
| 650 | _aPLANT HEALTH | ||
| 650 | _aFOOT-AND-MOUTH DISEASE | ||
| 650 | _aMARKETING | ||
| 650 | _aPESTS | ||
| 650 | _aCERTIFICATION | ||
| 650 | _aSEED CERTIFICATION | ||
| 690 |
_aRural _96268 |
||
| 856 | 4 | 0 |
_uhttps://www.defra.gov.uk/planth/phindx.htm _zView the wbesite free of charge at www.defra.gov.uk... |
| 942 | _n0 | ||
| 999 |
_c119896 _d119896 |
||